000
00296cam a22001097a 4500
008
180718b1981 xxu||||| |||| 00| 0 eng d
082
_a
I513 D969
100
_a
Dwivedi, R.S.
245
_a
Dynamics of human behaviour at work
_c
by R.S. Dwivedi
260
_a
New Delhi
_b
Oxford
_c
1981
300
_a
599p.
999
_c
435511
_d
435511